| 000 | 00671nam a22002297a 4500 | ||
|---|---|---|---|
| 003 | OSt | ||
| 005 | 20240607033329.0 | ||
| 006 | a | ||
| 008 | 240607b |||||||| |||| 00| 0 eng d | ||
| 020 | _a9789712359170 | ||
| 040 |
_aDWCL-Main lib. _cOC |
||
| 082 | _aFil. 372.21 E82d 2011 | ||
| 100 | _aEstrada, Aurelia T | ||
| 245 | _aDevelopmental characteristics of young children / | ||
| 260 |
_aManila : _bRex Book Store, _cc2011. |
||
| 300 |
_av, _b299 p. ; _c25 cm. |
||
| 504 | _aIncludes bibliographical references. | ||
| 650 | _a1. Early childhood education. | ||
| 650 | _a2. Child development. | ||
| 700 | _aAurelia T Estrada | ||
| 942 |
_2ddc _n0 _cBK - FIL _kFil. |
||
| 999 |
_c349 _d349 |
||